000 00308nam a22001337a 4500
008 170526b xxu||||| |||| 00| 0 eng d
020 _a9780130200044
041 _aeng
080 _29TH
_a621
100 _a25
101 _aIM
245 _aENNGINEERING MECHANICS DYNAMICS
_cHIBBELER, R.C
942 _2udc
_cBK
999 _c14399
_d14399